• 首页
  • 本馆介绍
  • 公告通知
  • 最新文献
  • 馆藏检索
  • 电子资源
  • 读者导购
  • 参考咨询
  • 我的图书馆
  • 登录
  • 详细信息显示
  • 放入我的书架
  • 预约/预借图书
  • 作者相关作品
  • 分类相关作品
  • 丛书相关作品
  • 出版社相关作品

书目信息

  • 表格格式
  • 工作单格式
  • 卡片格式
题名:
修辞和修辞教学
    
 
作者: ;中国修辞学会 编
分册:  
出版信息: 上海   上海教育出版社  1985
页数: 336页
开本: 20cm
丛书名:
单 册:
中图分类: H193.5
科图分类:
主题词: 汉语--语法--语言教学
电子资源:
ISBN:
000 00641nam0 2200229 45
001 0185012829
005 20041223102405.5
010    @dCNY1.95
091    @a9150.64
100    @a19951021d1985 em y0chiy0121 ea
101 0  @achi
102    @aCN@b310000
105    @ay z 000yy
200 10 @a修辞和修辞教学@Axiu ci he xiu ci jiao xue@f中国修辞学会编@FZhong Guo Xiu Ci Xue Hui Bian
210    @a上海@c上海教育出版社@d1985
215    @a336页@d20cm
606 0  @a汉语@x语法@x语言教学
690    @aH193.5@v3
711 02 @a中国修辞学会@4编
801  0 @aCN@b深圳图书馆@c20040426
801  2 @aCN@bNLC@c20040426
905    @dH193.5@e80@f1@b142122
    
    修辞和修辞教学/中国修辞学会编.-上海:上海教育出版社,1985
    336页;20cm
    
    
    ISBN :CNY1.95
    
●
相关链接 在E读中查询图书 在五车中查询图书 在当当中查询图书 在豆瓣中查询图书


正题名:修辞和修辞教学     索取号:H193.5/80         预约/预借

序号 登录号 条形码 馆藏地/架位号 状态 备注
1 0142121   000846286   第四借阅区/ [索取号:H193.5/80] 在馆    
2 0142122   001968008   密集书库/ [索取号:H193.5/80] 在馆    
3 0142123   000846366   密集书库/ [索取号:H193.5/80] 在馆    
4 0142124   000846516   密集书库/ [索取号:H193.5/80] 在馆    
5 0142125   000846320   第二样本阅览室/ [索取号:H193.5/80] 在馆    
唐山师范学院图书馆 欢迎您!
大连网信软件有限公司© 版权所有